Anthologie poétique du XXe siècle / (Record no. 24146)

MARC details
000 -LEADER
campo de control de longitud fija 00539nam a2200181 i 4500
001 - NÚMERO DE CONTROL
campo de control 24146
003 - IDENTIFICADOR DE NÚMERO DE CONTROL
campo de control ES-MaACL
005 - FECHA Y HORA DE LA ÚLTIMA TRANSACCIÓN
campo de control 20240415105053.0
007 - CAMPO FIJO DE DESCRIPCIÓN FÍSICA--INFORMACIÓN GENERAL
campo de control de longitud fija t|
008 - DATOS DE LONGITUD FIJA--INFORMACIÓN GENERAL
campo de control de longitud fija 021216s1923 fr ||||1| fre d
245 00 - MENCIÓN DEL TÍTULO
Título Anthologie poétique du XXe siècle /
Mención de responsabilidad, etc. Robert de la Vaissiere.
260 ## - PUBLICACIÓN, DISTRIBUCIÓN, ETC.
Lugar de publicación, distribución, etc. París :
Nombre del editor, distribuidor, etc. G. Gres et Cie,
Fecha de publicación, distribución, etc. [1923] (
Lugar de fabricación/manufactura Magenne :
Fabricante Imp. Floch)
300 ## - DESCRIPCIÓN FÍSICA
Extensión 2 v. ;
Dimensiones 19 cm.
650 04 - PUNTO DE ACCESO ADICIONAL DE MATERIA--TÉRMINO DE MATERIA
Término de materia o nombre geográfico como elemento de entrada Poesía-
Subdivisión cronológica S.XX
9 (RLIN) 16200
700 1# - ENTRADA AGREGADA--NOMBRE PERSONAL
Nombre de persona La Vaissière, Robert de.
9 (RLIN) 148470
852 ## - LOCALIZACIÓN
Ubicación ES-MaACL
Número de control de estantería G-3399-3400
Holdings
Estatus retirado Estado de pérdida Estado de daño No para préstamo Biblioteca de origen Biblioteca actual Ubicación en estantería Fecha de adquisición Fuente de adquisición Total de préstamos Signatura topográfica completa Código de barras Visto por última vez Precio de reemplazo Tipo de ítem Koha
        Biblioteca del Ateneo de Madrid Biblioteca del Ateneo de Madrid Depósito 2 17/01/2008     G-3399-3400 1024889 23/02/2023 23/02/2023 Libro impreso